000 00453nam a2200169Ia 4500
008 240729s9999 xx 000 0 und d
022 _a2162-6901
245 0 _aJournal of Business Strategies
260 _aUnited States
260 _bSam Houston State University
650 _a Business
650 _a Commerce
650 _aSocial Sciences
856 _uhttps://doaj.org/toc/4fdce88d29f641c080661264faa6eb80
942 _2ddc
942 _cDOAJEJ
999 _c68045
_d68045
945 _a1
_bMadushi Gamage
_c1
_dMadushi Gamage